| 000 | 00871nas a2200301 4500 | ||
|---|---|---|---|
| 001 | BR2012008988 | ||
| 003 | BR-BrBNA | ||
| 005 | 20231205121526.0 | ||
| 007 | ta | ||
| 008 | 230509b bl.|||p| |||| 00| 00por d | ||
| 040 |
_aBR-BrBNA _bpor _cBiblioteca Nacional de Agricultura |
||
| 041 | _a(Pt) | ||
| 072 | _aP33 | ||
| 100 | 1 | _aWatzlawick, L.F. | |
| 100 | 1 | _aCaldeira, M.V.W. | |
| 100 | 1 | _aViera, M. | |
| 100 | 1 | _aSchumacher, M.V. | |
| 100 | 1 | _aGodinho, T. de O. | |
| 100 | 1 | _aBalbinot, R. | |
| 245 | 1 | _aEstoque de biomassa e carbono na floresta ombrófila mista montana Paraná | |
| 650 | _aARAUCÁRIA | ||
| 650 | _aSERAPILHEIRA | ||
| 650 | _aBIOMASSA | ||
| 650 | _aSOLO | ||
| 773 | 0 |
_tScientia Forestalis (Brazil) _xISSN 1413-9324 _g(Sep 2012), v. 40(95) p. 353-362 _wBR2012008988 |
|
| 909 |
_a202311 _bLúcia _c55 _dLúcia Elande |
||
| 942 |
_2AGRIS _n0 _cANA |
||
| 999 |
_c223967 _d223967 |
||